000
00270nam a22000977a 4500
008
131218b xxu||||| |||| 00| 0 eng d
020
_a
140390684X
_c
Available
050
_a
547.30 KEM
_b
000728
245
_a
Organic Spectroscopy
_c
Kemp Willaim
260
_a
New York
_b
Palgrave
_c
1975
999
_c
23564
_d
23564